| 000 | 00000nam##2200000za#4500 |
| 001 | 9.531383 |
| 003 | CaOODSP |
| 005 | 20220328113237 |
| 007 | ta |
| 008 | 150406|1998||||xxc||||| f|0| 0 fre|d |
| 020 | |a0-662-63959-6 |
| 040 | |aCaOODSP|bfre |
| 041 | |aeng |
| 041 | |afre |
| 043 | |an-cn--- |
| 086 | 1 |aC21-27/2-1998-4 |
| 110 | 1 |aCanada. |bIndustrie Canada. |
| 245 | 10|aÉconomie et environnement : |bl'expérience récente du Canada et les perspectives d'avenir / |cpar Brian Copeland. |
| 260 | |aOttawa - Ontario : |bIndustrie Canada |c1998. |
| 300 | |aTexte français, 86p. : |bréférences, tableaux ; |c23 cm. |
| 490 | 1 |aLe Canada au XXIe siècle. II, Ressources et technologie|vNo. 8 |
| 546 | |aBilingue |
| 563 | |aCouverture souple |
| 590 | |a99-43|b1999-10-29 |
| 691 | 07|aPolitique environnementale|2gcpds |
| 691 | 07|aTechnologie environnementale|2gcpds |
| 720 | 1 |aCopeland, Brian |
| 776 | 0#|tEconomics and the environment : |w(CaOODSP)9.571954 |
| 776 | 0#|tÉconomie et environnement : |w(CaOODSP)9.602374 |
| 791 | |tEconomics and the environment : |eeng|w(CaOODSP)9.531382 |
| 830 | #0|aLe Canada au XXIe siècle. II, Ressources et technologie ;|vNo. 8|w(CaOODSP)9.509065 |